000 01350nam a2200253Ia 4500
999 _c56220
_d56220
001 23321
003 GE_BSU
005 20251216185919.0
008 181216s1983||||ge |||||||||||||| ||geo||
040 _cGE_BSU
041 _ageo
080 _a94(5-011)"15/18" მ-44
245 _aმახლობელი აღმოსავლეთის ქვეყნების ახალი და უახლესი ისტორია :
_bსტატიების კრებული /
_cრედ.: ო. გიგინეიშვილი ; მხატვ.: გ. ლომიძე.
264 _aთბილისი :
_bმეცნიერება,
_c1983.
300 _a158 გვ. ;
_c19 სმ.
504 _aბიბლიოგრ. ტექსტის შენიშვნებში
520 _aრეზიუმე რუსულ ენაზე
541 _h2 ლ.
546 _aერთი სტატია რუსულ ენაზე
653 _aმახლობელი აღმოსავლეთის ქვეყნების ახალი და უახლესი ისტორია
700 _aგიგინეიშვილი, ო.
_eრედაქტორი
_91029
700 _aლომიძე, გ.
_eმხატვარი
_97583
942 _cBK
_2udc